000 00277nam a22001217a 4500
008 190227b xxu||||| |||| 00| 0 eng d
041 _aeng
080 _a038
100 _a23
101 _aFJA
245 _aWebster's New World College Dictionary
_cMacmillan
942 _2udc
_cBK
999 _c54386
_d54386